Cómo sobrevivir a la globalización (Registro nro. 5575)

Detalles MARC
000 -LEADER
fixed length control field 01493 a2200217 4500
001 - CONTROL NUMBER
control field 54473
005 - DATE AND TIME OF LATEST TRANSACTION
control field 20260407155817.0
008 - FIXED-LENGTH DATA ELEMENTS--GENERAL INFORMATION
fixed length control field 260407a2000 arg spa d
003 - CONTROL NUMBER IDENTIFIER
control field AR-UNSa-BCEJYS
040 ## - CATALOGING SOURCE
Original cataloging agency AR-UNSa-BCEJYS
Language of cataloging spa
Transcribing agency AR-UNSa-BCEJYS
080 ## - UNIVERSAL DECIMAL CLASSIFICATION NUMBER
Universal Decimal Classification number 316.421:339.9
Common auxiliary subdivision Origen de las sociedades globales y estructura social, económico, político y cultural (Globalización)<br/>
020 ## - INTERNATIONAL STANDARD BOOK NUMBER
International Standard Book Number 987-97892-0-2
041 ## - LANGUAGE CODE
Language code of text/sound track or separate title spa
100 1# - MAIN ENTRY--PERSONAL NAME
Personal name Redrado, Martín
245 10 - TITLE STATEMENT
Title Cómo sobrevivir a la globalización
Name of part/section of a work Una guia para protegerse en la nueva economía global
264 #1 - PRODUCTION, PUBLICATION, DISTRIBUTION, MANUFACTURE, AND COPYRIGHT NOTICE
Place of production, publication, distribution, manufacture Buenos Aires :
Name of producer, publisher, distributor, manufacturer Pearson Educación
Date of production, publication, distribution, manufacture, or copyright notice 2000
300 ## - PHYSICAL DESCRIPTION
Extent xxii, 214 p.
Dimensions 24 cm.
505 ## - FORMATTED CONTENTS NOTE
Formatted contents note 1. Crisis último modelo - 2. Las crisis, ¿Castigo divino? - 3. ¿A que llamamos contagio? - 4. El juego de las diferencias - 5. ¿Conviene perder para sobrevivir? - 6. Viaje al centro del bolsillo del inversor - 7. La macro impronta - 8. Los tres frentes - 9. Antídotos para la crisis - 10. ¿Qué se puede aprender de una crisis? - 11. ¿Por dónde entró la crisis? - 12. Anatomía de una crisis financiera - 13. Cómo saber si su banco está bajo sitio - 14. Un rombo de tres lados - 15. El mercado de capitales como un frente de crisis - 16. La ventaja de contar con un buen público - 17. La oferta: el otro lado de la demanda - 18. Todo es cuestión de estructura - 19. La importancia de un buen ambiente - 20. Conclusión"una reflexión final"
590 ## - LOCAL NOTE (RLIN)
Local note niveau_biblio:m niveau_hierar:0
942 ## - ADDED ENTRY ELEMENTS (KOHA)
Koha item type
Existencias
Withdrawn status Lost status Damaged status Not for loan Home library Current library Shelving location Date acquired Total checkouts Full call number Barcode Date last seen Price effective from Koha item type
        Biblioteca Prof. Eusebio Cleto del Rey Biblioteca Prof. Eusebio Cleto del Rey   07/04/2026   316.421:339.9 R312 L86707 07/04/2026 07/04/2026 Libro